Housing in transition : a case study in the city of Lancaster, 1958-1962.

Saved in:
Bibliographic Details
Main Author: Cullingworth, J. B.
Format: Book
Language:English
Published: London : Heinemann, [1963].
Series:Heinemann books on sociology
Subjects:
LEADER 01011nam a2200241 i 4500
001 c000243423
003 CARM
005 00000000000000.0
008 840308s1963 enk 0 eng d
019 1 |a 4139174  |z 51122653  |z 55540249  |z 57736956  |5 LACONCORD2021 
035 |a (OCoLC)4027124  |5 LACONCORD2021 
082 0 4 |a 301.54094272 
100 1 |a Cullingworth, J. B. 
245 1 0 |a Housing in transition :  |b a case study in the city of Lancaster, 1958-1962. 
260 |a London :  |b Heinemann,  |c [1963]. 
300 |a 261 p. :  |b illus. 
440 0 |a Heinemann books on sociology 
650 0 |a Housing  |z England  |z Lancaster. 
852 8 |b CARM  |h A2:AQ36A0  |i B07558  |p 0320197  |f BK 
852 8 |b CARM  |h A1:AO11F0  |i B08118  |p 0359175  |f BK 
999 f f |i d4ef53c7-115a-5f40-8e8b-1e500906e7bd  |s 53b6099c-9118-5c68-b8d3-6d11f9c201df 
952 f f |p Can circulate  |a CAVAL  |b CAVAL  |c CAVAL  |d CARM 1 Store  |e B08118  |f A1:AO11F0  |h Other scheme  |i book  |m 0359175 
952 f f |p Can circulate  |a CAVAL  |b CAVAL  |c CAVAL  |d CARM 1 Store  |e B07558  |f A2:AQ36A0  |h Other scheme  |i book  |m 0320197